| 000 | 00626nam a22001937a 4500 | ||
|---|---|---|---|
| 999 |
_c169774 _d169774 |
||
| 005 | 20191203153234.0 | ||
| 010 | _aA-304736 | ||
| 020 |
_c25.00 _a- |
||
| 035 | _aA-304736 | ||
| 037 |
_bBPPD/Pub. _a- |
||
| 082 | _a270 | ||
| 100 | _aا بو ا لکلا م آ ز ا د | ||
| 245 |
_aمسلہء خلا فت _cا بو ا لکلا م آ ز ا د |
||
| 246 |
_bMaslaye Khilafat (Urdu) _aby Abul Kalam Aazad |
||
| 260 |
_aN. Delhi _bAtaqad Publishing House _c1987 ء |
||
| 270 |
_a1491,Kotana Street Sui Walan, _bN.Delhi _e110002 _k- _l- |
||
| 300 |
_a334 ص _c22 Cm(Hb) |
||
| 942 |
_2ddc _cUR _h270 _mا ب و |
||